An introduction to rare event simulation

Αποθηκεύτηκε σε:
Λεπτομέρειες βιβλιογραφικής εγγραφής
Κύριος συγγραφέας: Bucklew, James A.
Μορφή: Βιβλίο
Γλώσσα:English
Δημοσίευση: New York : Springer, c2004
Σειρά:Springer series in statistics
Θέματα:
Ετικέτες: Προσθήκη ετικέτας
Δεν υπάρχουν, Καταχωρήστε ετικέτα πρώτοι!

MARC

LEADER 00000nam a2200000 i 4500
001 1/53623
008 070903s2004 eng d
020 |a 0-387-20078-9 
035 |l 10090336 
040 |a GR-MY-UA  |b gre  |e aacr 
041 0 |a eng 
082 0 |a 519.534  |2 (22) 
100 1 |a Bucklew, James A. 
245 1 3 |a An introduction to rare event simulation /  |c James Antonio Bucklew 
260 |a New York :   |b Springer,   |c c2004 
300 |a xi, 260 σ.;  |b εικ.;  |c 24 εκ. 
490 1 |a Springer series in statistics 
504 |a Περιλαμβάνει βιβλιογραφικές παραπομπές (σ. [255]-258) και ευρετήριο. 
650 0 0 |a Large deviations. 
830 0 |a Springer series in statistics 
852 |a INST  |b SAMOS  |e 20070903  |h 519.534 BUC  |p 005300028355  |q 005300028355  |t BK  |y 0 
901 |a BIBL3-2007-2 
909 |a Σ  |b 138239 
922 |a 3ΕΛΗ  |b 200707  |c ΕΠΕΑΕΚ2/ΤΣΑΕ  |d ΠΑΠΑΣΩΤΗΡΙΟΥ 
970 |a ΣΙΤΖΙΜΗ  |b ΓΙΑΣΕΜΗ  |z 2007/09/03